Corporate real estate risk management and assessment (Record no. 72009)

MARC details
000 -LEADER
fixed length control field 01593cam a2200253 4500
001 - CONTROL NUMBER
control field ABS66389
008 - FIXED-LENGTH DATA ELEMENTS--GENERAL INFORMATION
fixed length control field 030130n2003 000 0 eng u
035 ## - SYSTEM CONTROL NUMBER
System control number (Sirsi) u121182
100 ## - MAIN ENTRY--PERSONAL NAME
Personal name Huffman, F.E.
245 ## - TITLE STATEMENT
Title Corporate real estate risk management and assessment
260 ## - PUBLICATION, DISTRIBUTION, ETC.
Date of publication, distribution, etc. 2003
490 ## - SERIES STATEMENT
Series statement Journal of Corporate Real Estate
Volume/sequential designation 5(1) 2002, 31-41(11)
520 ## - SUMMARY, ETC.
Summary, etc. This paper analyses the inherent risks associated with corporate real estate (CRE). First, the author looks at corporate risk in general and at the context in which CRE decisions are made. Next, the types of risk generally inherent in CRE usage are examined, beginning with development risks and then grouping other risks into three categories: financial, physical and regulatory CRE risks. Possible risk management strategies are offered, to reduce the risks associated with CRE usage: due diligence, avoidance, insurance, hedging and diversification. Lastly conclusions and recommendations for accounting for risk in corporate real estate management (CREM) are provided. The discussion of the risks inherent in CRE usage offers a starting point for future and more detailed discussions of the risk in CREM and provides a new perspective on the management of CRE assets. [Taken from journal headnote].
590 ## - LOCAL NOTE (RLIN)
Local note ABS
650 ## - SUBJECT ADDED ENTRY--TOPICAL TERM
Topical term or geographic name entry element RISK
650 ## - SUBJECT ADDED ENTRY--TOPICAL TERM
Topical term or geographic name entry element CORPORATE REAL ESTATE
650 ## - SUBJECT ADDED ENTRY--TOPICAL TERM
Topical term or geographic name entry element RISK MANAGEMENT
650 ## - SUBJECT ADDED ENTRY--TOPICAL TERM
Topical term or geographic name entry element CORPORATE REAL ESTATE MANAGEMENT
650 ## - SUBJECT ADDED ENTRY--TOPICAL TERM
Topical term or geographic name entry element DUE DILIGENCE
650 ## - SUBJECT ADDED ENTRY--TOPICAL TERM
Topical term or geographic name entry element HEDGING
650 ## - SUBJECT ADDED ENTRY--TOPICAL TERM
Topical term or geographic name entry element DIVERSIFICATION
690 ## - LOCAL SUBJECT ADDED ENTRY--TOPICAL TERM (OCLC, RLIN)
Topical term or geographic name as entry element PROPERTY MANAGEMENT-CORPORATE REAL ESTATE
942 ## - ADDED ENTRY ELEMENTS (KOHA)
Suppress in OPAC 0
Holdings
Withdrawn status Lost status Source of classification or shelving scheme Damaged status Not for loan Home library Current library Shelving location Date acquired Total Checkouts Full call number Barcode Date last seen Copy number Price effective from Koha item type
    Dewey Decimal Classification     London London Journal article 30/01/2003   ABS66389 121182-1001 06/08/2019 1 06/08/2019 Journal article